000
00215nam a22000857a 4500
008
160712b xxu||||| |||| 00| 0 eng d
100
_9
2710
_a
Singh L
245
_a
Physics-X
260
_a
New Delhi
_b
S.Chand Publication
_c
2012
999
_c
2353
_d
2353